[Event "Syre Memorial op 33th"]
[Site "Issy les Moulineaux"]
[Date "2010.05.16"]
[Round "5"]
[White "Guilchard, Benjamin"]
[Black "Sochacki, Wojtek"]
[Result "0-1"]
[WhiteElo "1927"]
[BlackElo "2266"]
[PlyCount "58"]
[EventDate "2010.05.13"]
[EventType "swiss"]
[EventRounds "6"]
[EventCountry "FRA"]
[SourceTitle "EXT 2011"]
[Source "ChessBase"]
[SourceDate "2010.11.26"]
[SourceVersion "1"]
[SourceVersionDate "2010.11.26"]
[SourceQuality "1"]

1. e4 c5 2. Nf3 Nc6 3. d4 cxd4 4. Nxd4 g6 5. Nc3 Bg7 6. Be3 Nf6 7. Bc4 0-0 8. Bb3 d6 9. f3 Bd7 10. Qd2 Rc8 11. h4 h5 12. 0-0-0 Nxd4 13. Bxd4 a5 14. Nd5 a4 15. Nxf6+ Bxf6 16. Bxf6 axb3 17. Bc3 bxa2 18. b3 Rc5 19. Kb2 Qc7 20. Bb4 Rc6 21. Ra1 Rc8 22. Rhc1 d5 23. exd5 Qe5+ 24. c3 Rb6 25. Qg5 Bf5 26. Re1 Qxd5 27. Rad1 a1Q+ 28. Rxa1 Rxb4 29. cxb4 Rc2+ 0-1

[Event "Paris-ch op-B"]
[Site "Paris"]
[Date "2009.07.08"]
[Round "5"]
[White "Guilchard, Benjamin"]
[Black "Muthu, Rahul"]
[Result "1-0"]
[WhiteElo "1839"]
[BlackElo "1790"]
[PlyCount "93"]
[EventDate "2009.07.04"]
[EventType "swiss"]
[EventRounds "9"]
[EventCountry "FRA"]
[SourceTitle "EXT 2010"]
[Source "ChessBase"]
[SourceDate "2010.11.25"]
[SourceVersion "1"]
[SourceVersionDate "2010.11.25"]
[SourceQuality "1"]

1. e4 d5 2. exd5 Qxd5 3. Nc3 Qa5 4. d4 c6 5. Nf3 Bg4 6. h3 Bxf3 7. Qxf3 e6 8. Bd2 Qc7 9. Ne4 Be7 10. Bf4 Qd8 11. 0-0-0 Nf6 12. c4 Na6 13. d5 cxd5 14. Nxf6+ Bxf6 15. cxd5 Rc8+ 16. Kb1 Qb6 17. Qb3 Qxb3 18. axb3 exd5 19. Bb5+ Kf8 20. Rxd5 h6 21. Rd7 Nc5 22. Rc1 a6 23. Bf1 g5 24. Bd6+ Ke8 25. Rxb7 Nxb7 26. Rxc8+ Kd7 27. Rxh8 Bxh8 28. Bb4 Bd4 29. Bxa6 Nc5 30. Bb5+ Kc8 31. f3 Nxb3 32. Bc4 Nc5 33. Bxc5 Bxc5 34. Bxf7 Kd7 35. Kc2 Kd6 36. Kd3 Ke5 37. Kc4 Be7 38. b4 Kf4 39. b5 Kg3 40. Bh5 Kxg2 41. Bg4 Kg3 42. Kd3 h5 43. Bxh5 Kxh3 44. b6 Bd6 45. Kd4 Bg3 46. Kd5 Bb8 47. Kc6 1-0

[Event "Paris-ch op-B"]
[Site "Paris"]
[Date "2009.07.05"]
[Round "2"]
[White "Benmenni, Boubekeur"]
[Black "Guilchard, Benjamin"]
[Result "0-1"]
[WhiteElo "1718"]
[BlackElo "1839"]
[PlyCount "64"]
[EventDate "2009.07.04"]
[EventType "swiss"]
[EventRounds "9"]
[EventCountry "FRA"]
[SourceTitle "EXT 2010"]
[Source "ChessBase"]
[SourceDate "2010.11.25"]
[SourceVersion "1"]
[SourceVersionDate "2010.11.25"]
[SourceQuality "1"]

1. d4 Nf6 2. Nf3 g6 3. g3 Bg7 4. c4 0-0 5. Bg2 d6 6. 0-0 Nbd7 7. Nc3 e5 8. e3 c6 9. b4 Qc7 10. Qb3 Nb6 11. d5 Bf5 12. Rd1 Bg4 13. dxc6 e4 14. cxb7 Qxb7 15. Rxd6 exf3 16. Bf1 Ne4 17. Rd3 Rfd8 18. Rxd8+ Rxd8 19. Bb2 Rd2 20. Nxe4 Rxb2 21. Qd3 Qd7 22. Rd1 Rxb4 23. c5 Qxd3 24. Bxd3 Nd7 25. Bc2 Bf5 26. c6 Nb6 27. Rd8+ Bf8 28. Nf6+ Kg7 29. Ne8+ Kh6 30. Bb3 Be6 31. Bd1 Bd5 32. Kf1 Rb1 0-1

[Event "FRA-ch op-C"]
[Site "Aix les Bains"]
[Date "2007.08.21"]
[Round "8"]
[White "Guilchard, Benjamin"]
[Black "Bugnet, Jean Francois"]
[Result "1-0"]
[WhiteElo "1790"]
[BlackElo "1630"]
[PlyCount "88"]
[EventDate "2007.08.13"]
[EventType "swiss"]
[EventRounds "11"]
[EventCountry "FRA"]
[SourceTitle "CBM 120 Extra"]
[Source "ChessBase"]
[SourceDate "2007.11.01"]
[SourceVersion "1"]
[SourceVersionDate "2007.11.01"]
[SourceQuality "1"]

1. e4 e5 2. Nf3 Nc6 3. Bb5 d6 4. 0-0 Nf6 5. Qe2 Bd7 6. c3 Be7 7. Rd1 0-0 8. d4 Qe8 9. d5 Nb8 10. Bd3 Bg4 11. Nbd2 Nbd7 12. Nf1 Nc5 13. Bc2 a6 14. Ng3 b5 15. h3 Bd7 16. Nh2 Qb8 17. Nh5 Qd8 18. Nxf6+ Bxf6 19. Ng4 Bg5 20. Ne3 Qf6 21. Qh5 Qg6 22. Qxg6 hxg6 23. Bd2 f5 24. f3 a5 25. Rac1 fxe4 26. fxe4 Rad8 27. Nf1 Bxd2 28. Rxd2 Bc8 29. b4 axb4 30. cxb4 Na4 31. Bxa4 bxa4 32. Rxc7 Ba6 33. Ng3 Bc8 34. Ra7 Bd7 35. Rc2 Rc8 36. Rxc8 Bxc8 37. Rxa4 Bd7 38. Ra7 Bb5 39. a4 Bd3 40. Rd7 Rf6 41. b5 Rf7 42. Rxd6 Ra7 43. b6 Rxa4 44. b7 Rb4 1-0